[Event "10th Neckar Open A"]
[Site "Deizisau GER"]
[Date "2006.04.17"]
[Round "8"]
[White "Zysk,R"]
[Black "Slobodjan,R"]
[Result "1/2-1/2"]
[WhiteElo "2458"]
[BlackElo "2523"]

1.Nf3 d5 2.c4 c6 3.d4 Nf6 4.e3 a6 5.Nbd2 Bf5 6.Be2 e6 7.O-O h6 8.b3 Be7 9.Bb2 O-O
10.a3 Ne4 11.b4 Nxd2 12.Nxd2 Nd7 13.Nb3 b5 14.c5 Qc8 15.a4 Bd8 16.Bd3 Bc7
17.Ra2 Bxd3 18.Qxd3 bxa4 19.Rxa4 Ra7 20.Rfa1 Nb8 21.e4 dxe4 22.Qxe4 Qd7 23.Bc3 Qd5
24.Qxd5 exd5 25.Na5 Bxa5 26.Rxa5 Rb7 27.f3 Re8 28.Re1 Kf8 29.Kf2 Rxe1 30.Bxe1 Ke8
31.Ke3 Ra7 32.Kd3 Nd7 33.Bg3 Nf8 34.Bb8 Ra8 35.Bd6 Ne6 36.g4 Kd7 37.h4 Nd8
38.Ra2 Nb7 39.Be5 f6 40.Bg3 Nd8 41.Kc3 Ne6 42.Bd6 g6 43.Rh2 a5 44.Rb2 axb4+
45.Rxb4 Ra3+ 46.Kb2 Rxf3 47.Rb7+ Kd8 48.Rb8+ Kd7 49.Rb7+  1/2-1/2

[Event "17th Pobeskydi Radegast Cup"]
[Site "Frydek Mistek CZE"]
[Date "2006.04.17"]
[Round "9"]
[White "Zabystrzan,P"]
[Black "Hrtanek,J"]
[Result "1-0"]
[WhiteElo "2259"]
[BlackElo "2181"]

1.Nf3 d5 2.c4 dxc4 3.e3 Nf6 4.Bxc4 e6 5.d4 c5 6.O-O cxd4 7.exd4 Nc6 8.Nc3 Be7
9.Be3 O-O 10.Qe2 a6 11.a3 b5 12.Ba2 Bb7 13.Rfd1 Qc7 14.Rac1 Rfd8 15.Bg5 Rac8
16.d5 Nxd5 17.Nxd5 exd5 18.Rxc6 Bxc6 19.Qxe7 Qxe7 20.Bxe7 Re8 21.Bb4 Rcd8
22.Nd4 Bb7 23.f3 Re5 24.Kf2 h6 25.Rc1 Rd7 26.Bb1 g6 27.Bd2 Kh7 28.Bf4 Ree7
29.Nb3 Rd8 30.Nc5 Bc8 31.Bd3 Bf5 32.Bxf5 gxf5 33.Nxa6 Rde8 34.Rc2 d4 35.Nb4 Rd7
36.Nd3 Rd5 37.Rc6 Re6 38.Rxe6 fxe6 39.Be5 Rd7 40.Ke2 Kg6 41.Kd2 Kf7 42.f4 Rd5
43.Nb4 Rd7 44.Nc6 d3 45.Nb4  1-0

[Event "Spring NAm GMB"]
[Site "Schaumburg USA"]
[Date "2006.04.19"]
[Round "3"]
[White "Scekic,M"]
[Black "Kopec,D"]
[Result "0-1"]
[WhiteElo "2391"]
[BlackElo "2362"]

1.Nf3 d5 2.c4 c6 3.e3 Nf6 4.Nc3 Nbd7 5.d4 e6 6.Bd3 Bd6 7.O-O O-O 8.e4 dxc4
9.Bxc4 e5 10.Bg5 h6 11.Bh4 exd4 12.Nxd4 Ne5 13.Bb3 Ng6 14.Bg3 Bxg3 15.hxg3 Ng4
16.Nf3 Qa5 17.Ne2 Nf6 18.Qd2 Qh5 19.Nf4 Nxf4 20.Qxf4 Be6 21.Rfe1 Rae8 22.Bxe6 fxe6
23.Qe5 g5 24.g4 Nxg4 25.Qg3 Rf4 26.Rad1 Nf6 27.Nd2 Rf8 28.f3 Qf7 29.Nc4 Nh5
30.Qh2 Rh4 31.Qe5 g4 32.Rd6 gxf3 33.gxf3 Nf4 34.Kf2 Rh5 35.Qc3 Rh2+ 36.Ke3 Ng2+
37.Kd4 Nxe1 38.Qxe1 Qf6+ 39.Kc5 Rh5+ 40.e5 Qxf3 41.Qd1 b6+ 42.Kb4 a5+  0-1

[Event "XIII TCh-RUS"]
[Site "Sochi RUS"]
[Date "2006.04.20"]
[Round "1"]
[White "Grigoriants,S RUS"]
[Black "Sorokin,M"]
[Result "1/2-1/2"]
[WhiteElo "2568"]
[BlackElo "2559"]

1.Nf3 d5 2.c4 e6 3.d4 dxc4 4.e3 a6 5.Bxc4 c5 6.O-O Nf6 7.Bd3 Nbd7 8.Qe2 b6
9.Rd1 Bb7 10.dxc5 Bxc5 11.b3 O-O 12.Bb2 Qe7 13.Nbd2 Rfd8 14.Nc4 Rac8 15.h3 Bd5
16.Ncd2 a5 17.Ba6 Ra8 18.Rac1 Bxf3 19.Nxf3 Ba3 20.Bb5 Bxb2 21.Qxb2 Rac8 22.Rxc8 Rxc8
23.Qd4 Rc7 24.Ne5 Nxe5 25.Qxe5 Kf8 26.Bc4 Qc5 27.Qf4 Ke7 28.a4 Rd7 29.Rxd7+ Nxd7
30.Qe4 Nf6 31.Qb7+ Kf8 32.Qb8+ Ke7 33.Qb7+ Kf8 34.Qb8+  1/2-1/2

[Event "XIII TCh-RUS"]
[Site "Sochi RUS"]
[Date "2006.04.21"]
[Round "2"]
[White "Tomashevsky,E"]
[Black "Rychagov,A"]
[Result "1/2-1/2"]
[WhiteElo "2595"]
[BlackElo "2542"]

1.Nf3 d5 2.c4 e6 3.d4 Nf6 4.Bg5 Be7 5.Nc3 O-O 6.e3 h6 7.Bh4 b6 8.Bd3 Bb7
9.O-O Nbd7 10.Qe2 c5 11.Bg3 cxd4 12.exd4 dxc4 13.Bxc4 Nh5 14.Rad1 Nxg3 15.fxg3 Nf6
16.Ne5 Bb4 17.Rf4 Bxc3 18.bxc3 Rc8 19.Rdf1 Rc7 20.g4 Nd5 21.Bxd5 Qxd5 22.c4 Qd8
23.Qf2 f6 24.Ng6 Re8 25.h4 Rxc4 26.g5 e5 27.dxe5 Rxf4 28.Qxf4 Qd5 29.Qg3 Qd4+
30.Kh2 fxg5 31.hxg5 Ba6 32.Rf3 h5 33.Qh3 Qg4 34.Qxg4 hxg4 35.Ra3 Kh7 36.Nf4 Bc4
37.Rxa7  1/2-1/2

[Event "TCh-HUN 2005-6"]
[Site "Hungary HUN"]
[Date "2006.04.23"]
[Round "11"]
[White "Rachela,M"]
[Black "Boricsev,O"]
[Result "0-1"]
[WhiteElo "2352"]
[BlackElo "2296"]

1.Nf3 d5 2.c4 e6 3.b3 Nf6 4.Bb2 c5 5.g3 Be7 6.Bg2 Nc6 7.O-O O-O 8.d3 b6 9.Nbd2 Bb7
10.cxd5 Nxd5 11.Nc4 Bf6 12.e4 Ndb4 13.e5 Be7 14.d4 Nxd4 15.Nxd4 Bxg2 16.Nxe6 fxe6
17.Kxg2 Qd5+ 18.Kg1 Nd3 19.Qe2 Rad8 20.Rad1 b5 21.Nd6 c4 22.bxc4 bxc4 23.Qe3 Rf3
24.Qxa7 Bxd6 25.exd6 e5 26.Qe7 Rdf8 27.d7 R3f7 28.Qh4 Rxd7 29.Bc3 Qc5 30.Qg5 Nxf2  0-1

[Event "XIII TCh-RUS"]
[Site "Sochi RUS"]
[Date "2006.04.24"]
[Round "5"]
[White "Dyachkov,S"]
[Black "Sorokin,M"]
[Result "0-1"]
[WhiteElo "2548"]
[BlackElo "2559"]

1.Nf3 d5 2.c4 e6 3.g3 dxc4 4.Qa4+ Nd7 5.Bg2 a6 6.Qxc4 b5 7.Qc2 Bb7 8.a4 c5
9.O-O Ngf6 10.axb5 axb5 11.Rxa8 Qxa8 12.Na3 Bc6 13.d3 Be7 14.Nh4 Nd5 15.Bxd5 exd5
16.Nf5 b4 17.Nb1 Bf6 18.Nd6+ Kf8 19.e4 g6 20.Bh6+ Ke7 21.exd5 Ba4 22.b3 Kxd6
23.bxa4 Qxd5 24.Nd2 Kc6 25.Be3 Bc3 26.Nc4 Ne5 27.Nxe5+ Qxe5 28.Rd1 Rd8 29.a5 Kb5
30.Bf4 Qe6 31.a6 Qxa6 32.Rb1 Kc6 33.d4 Rxd4 34.Be3 Rd3 35.Qe2 Qc4 36.Bf4 Rxg3+  0-1

[Event "Classics GMB"]
[Site "Gausdal NOR"]
[Date "2006.04.25"]
[Round "3"]
[White "Hanssen,G"]
[Black "Kvisla,J"]
[Result "1-0"]
[WhiteElo "2254"]
[BlackElo "2026"]

1.Nf3 d5 2.c4 e6 3.g3 Nf6 4.Bg2 Be7 5.b3 O-O 6.Bb2 c6 7.O-O Nbd7 8.d3 Qc7
9.Nc3 dxc4 10.bxc4 Rd8 11.Rb1 Nf8 12.Qc2 Ng6 13.Rfd1 e5 14.Nd2 Be6 15.Ba1 Qc8
16.Nce4 Nxe4 17.Nxe4 f5 18.Nd2 Bf6 19.c5 Nh8 20.Nc4 Nf7 21.a4 Qc7 22.Bc3 Bxc4
23.dxc4 Rxd1+ 24.Rxd1 g6 25.Rb1 b6 26.cxb6 axb6 27.Qb3 Bd8 28.c5 bxc5 29.Rd1 Qc8
30.Bxe5 Qa6 31.Qe6 Qxa4 32.Qe8+  1-0

[Event "XIII TCh-RUS"]
[Site "Sochi RUS"]
[Date "2006.04.25"]
[Round "6"]
[White "Tomashevsky,E"]
[Black "Frolyanov,D"]
[Result "1-0"]
[WhiteElo "2595"]
[BlackElo "2497"]

1.Nf3 d5 2.c4 e6 3.d4 c6 4.Qc2 Nf6 5.Nbd2 Nbd7 6.g3 Be7 7.Bg2 O-O 8.O-O b6
9.e4 Ba6 10.b3 Rc8 11.Bb2 c5 12.exd5 exd5 13.Qf5 g6 14.Qh3 Rc7 15.Rfe1 h5
16.Qh4 dxc4 17.bxc4 Nb8 18.Qf4 Bd6 19.Qe3 Ng4 20.Qd3 cxd4 21.h3 Nh6 22.Qxd4 f6
23.Ng5 Bc8 24.Rad1 Nf5 25.Qd5+ Kg7 26.Nde4 Be7 27.Nxf6 Bxf6 28.Qxd8 Rxd8
29.Bxf6+ Kxf6 30.Ne4+ Ke7 31.Nc3+ Be6 32.Nd5+ Kd7 33.Nxc7+ Kxc7 34.Rxd8  1-0

[Event "XIII TCh-RUS 1st League"]
[Site "Sochi RUS"]
[Date "2006.04.26"]
[Round "7"]
[White "Lushenkov,M"]
[Black "Chuprikov,D"]
[Result "1/2-1/2"]
[WhiteElo "2368"]
[BlackElo "2377"]

1.Nf3 d5 2.c4 c6 3.e3 Nf6 4.Nc3 g6 5.d4 Bg7 6.Bd3 O-O 7.O-O Bg4 8.h3 Bxf3
9.Qxf3 e6 10.Rd1 Nbd7 11.Bd2 Re8 12.Rac1 a6 13.Qe2 e5 14.dxe5 Nxe5 15.cxd5 Nxd5
16.Nxd5 Qxd5 17.Bb1 Qb5 18.Qxb5 axb5 19.b3 Red8 20.Bb4 Bf8 21.Bc3 Bg7 22.Bb4 Bf8
23.Bc3 Bg7 24.Bb4  1/2-1/2

[Event "Classics GMB"]
[Site "Gausdal NOR"]
[Date "2006.04.27"]
[Round "5"]
[White "Hanssen,G"]
[Black "Agdestein,Em"]
[Result "1/2-1/2"]
[WhiteElo "2254"]
[BlackElo "2102"]

1.Nf3 d5 2.c4 dxc4 3.g3 g6 4.Na3 Bg7 5.Nxc4 c5 6.Bg2 Nc6 7.O-O Nh6 8.d3 Nf5
9.Bf4 O-O 10.Rc1 Re8 11.Nce5 Nxe5 12.Bxe5 Qa5 13.Bxg7 Kxg7 14.Qe1 Qxe1 15.Rfxe1 b6
16.Ne5 Rb8 17.Nc6 Rb7 18.e4 Nh6 19.d4 cxd4 20.Nxd4 e5 21.Nb5 Rd8 22.Nc7 Ng8
23.Rc2 Nf6 24.f4 Rb8 25.fxe5 Ng4 26.e6 Bxe6 27.Bh3 Bc8 28.Rc3 Ne5 29.Bxc8 Rbxc8
30.Rec1 Rd2 31.Ne6+ fxe6 32.Rxc8 Nf3+ 33.Kf1 Nxh2+ 34.Kg1 Nf3+  1/2-1/2

[Event "WSB Masters"]
[Site "Wroclaw POL"]
[Date "2006.04.27"]
[Round "1"]
[White "Jedryczka,K"]
[Black "Swicarz,M"]
[Result "1-0"]
[WhiteElo "2321"]
[BlackElo "2273"]

1.Nf3 d5 2.c4 e6 3.e3 Nf6 4.b3 Be7 5.Bb2 O-O 6.Qc2 b6 7.Ne5 Bb7 8.cxd5 Nxd5
9.a3 c5 10.Bd3 h6 11.O-O Nd7 12.f4 Bf6 13.Bb5 Bxe5 14.fxe5 Qc7 15.e4 Ne7
16.d4 Rac8 17.d5 exd5 18.exd5 Bxd5 19.Nc3 Be6 20.Rae1 Rcd8 21.Ne4 Ng6 22.Ng3 Ndxe5
23.Nh5 c4 24.bxc4 Bxc4 25.Bxc4 Nxc4 26.Bxg7 Qc5+ 27.Kh1 Nxa3 28.Qe2 Rfe8
29.Qxe8+ Rxe8 30.Rxe8+ Nf8 31.Rxf8+ Kh7 32.R8xf7 Kg6 33.Ng3  1-0

[Event "8th Dubai Open"]
[Site "Dubai UAE"]
[Date "2006.04.28"]
[Round "6"]
[White "Sai,Sr"]
[Black "Doostkam,P"]
[Result "1-0"]
[WhiteElo "2309"]
[BlackElo "2188"]

1.Nf3 d5 2.c4 e6 3.g3 Nf6 4.b3 Be7 5.Bb2 O-O 6.Bg2 a5 7.Nc3 c6 8.O-O Nbd7
9.d3 b6 10.Qc2 Bb7 11.e4 dxe4 12.dxe4 e5 13.Nd1 Qc7 14.Ne3 Rfe8 15.a3 Bf8
16.Bc3 Nc5 17.Nh4 Ne6 18.Nf3 Nc5 19.Nd2 Rad8 20.Rfd1 Ne6 21.Nf3 Rxd1+ 22.Rxd1 Nd7
23.Qb2 f6 24.b4 axb4 25.axb4 c5 26.Nd5 Bxd5 27.cxd5 Nd4 28.Qa2 Bd6 29.bxc5 bxc5
30.Rc1 Qb7 31.Rb1 Qa8 32.Qc4 Rb8 33.Rxb8+ Qxb8 34.Nd2 Qb7 35.Bf1 Nb6 36.Qa6 Qxa6
37.Bxa6 Kf8 38.Ba5 Nd7 39.Nc4 Ke7 40.Kg2 g6 41.Bc8 f5 42.Bd2 Bb8 43.Bg5+ Ke8
44.f3 Nb5 45.Kf2 Bc7 46.Bxd7+ Kxd7 47.Bf6 fxe4 48.fxe4 Nc3 49.Kf3 Nb1 50.Bxe5 Bxe5
51.Nxe5+ Ke7 52.Nc4 Nc3 53.Kf4  1-0

[Event "IV Regina Helena Marques Prol"]
[Site "Santos BRA"]
[Date "2006.04.30"]
[Round "2"]
[White "Choma,E"]
[Black "Stamenkovic,Dr"]
[Result "0-1"]
[WhiteElo "2275"]
[BlackElo "2334"]

1.Nf3 d5 2.c4 e6 3.g3 Nf6 4.Bg2 dxc4 5.Qa4+ c6 6.Qxc4 b5 7.Qc2 Bb7 8.O-O Nbd7
9.a4 a6 10.d4 Rc8 11.axb5 cxb5 12.Qb3 Qb6 13.Bd2 Bd5 14.Qd1 Be7 15.Be3 Bb4
16.Nbd2 O-O 17.Qb1 Qb7 18.Bf4 h6 19.h4 a5 20.Qd3 a4 21.Rfc1 Ne4 22.Ne5 Nxe5
23.dxe5 Nxd2  0-1

[Event "8th Dubai Open"]
[Site "Dubai UAE"]
[Date "2006.05.01"]
[Round "9"]
[White "Anastasian,A"]
[Black "Kacheishvili,G"]
[Result "1/2-1/2"]
[WhiteElo "2553"]
[BlackElo "2605"]

1.Nf3 d5 2.c4 e6 3.g3 Nf6 4.Bg2 Be7 5.O-O O-O 6.d4 c6 7.Nbd2 b6 8.b3 Bb7
9.Bb2 Nbd7 10.e3 a5 11.Qe2 a4 12.e4 Bb4 13.a3 Bxd2 14.Nxd2 axb3 15.e5 Ne8
16.Rfc1 Nc7 17.Qe3 c5 18.Nxb3 Qb8 19.dxc5 bxc5 20.Nxc5 Nxc5 21.Qxc5 dxc4
22.Bxb7 Qxb7 23.Qb4 Qf3 24.Qxc4 Nd5 25.a4 h5 26.Ra3 Qf5 27.a5 Rfb8 28.Qc2 Qg4
29.Ba1 Ra6 30.Qd1 Qxd1+ 31.Rxd1 Rb5 32.Bd4 Raxa5 33.Rxa5 Rxa5 34.Ra1 Rb5
35.h4 Ne7 36.Rc1 Rd5 37.Bb2 Rb5 38.Bd4 Kh7 39.Kg2 Kg6 40.Rc4 Nf5 41.Bc3 Rb3
42.Bd2 Rd3 43.Bg5 Nd4 44.Be3 Nf5 45.Kf3 Rb3 46.Ke4 Ne7 47.Bc5 Nd5 48.Be3 Rb7
49.Bd2 Rb1 50.Be3 Rb2 51.Bd4 Rb3 52.Be3 Ne7 53.Bg5 Nf5 54.Be3 Rb2  1/2-1/2

[Event "IV Regina Helena Marques Prol"]
[Site "Santos BRA"]
[Date "2006.05.01"]
[Round "4"]
[White "Choma,E"]
[Black "Maia,L"]
[Result "1/2-1/2"]
[WhiteElo "2275"]
[BlackElo "2317"]

1.Nf3 d5 2.c4 c6 3.g3 Bg4 4.Bg2 Nd7 5.cxd5 cxd5 6.Nc3 e6 7.Qa4 Bxf3 8.Bxf3 Nf6
9.e4 dxe4 10.Nxe4 Be7 11.d4 O-O 12.Be3 Nd5 13.O-O N7b6 14.Qb3 Rc8 15.Rac1 Nxe3
16.fxe3 Rc7 17.Nc5 Qc8 18.Nd3 Bg5 19.Nc5 Nd5 20.Rce1 b6 21.Nxe6 fxe6 22.Bxd5 Rxf1+
23.Rxf1 Bxe3+ 24.Qxe3 exd5 25.Qe5 Qd7 26.Qf5 Qxf5 27.Rxf5 Rc1+ 28.Kg2 Rc4
29.Rf4 Rc2+ 30.Rf2 Rc4 31.Rd2 Kf7 32.Kf2 Ke6  1/2-1/2

[Event "President's Cup"]
[Site "Baku AZE"]
[Date "2006.05.04"]
[Round "1"]
[White "Miroshnichenko,E"]
[Black "Mammadov,A"]
[Result "1-0"]
[WhiteElo "2608"]
[BlackElo "2163"]

1.Nf3 d5 2.c4 c6 3.g3 Nf6 4.Bg2 Bg4 5.Ne5 Bh5 6.cxd5 cxd5 7.Qa4+ Nbd7 8.Nc3 e6
9.g4 Bg6 10.h4 Qc7 11.d4 h5 12.Bf4 Qb6 13.g5 Qxb2 14.Rc1 Bb4 15.O-O Bxc3
16.gxf6 Rd8 17.Nxd7 Rxd7 18.Rxc3 Qxc3 19.Rc1 Qxc1+ 20.Bxc1 gxf6 21.Ba3 a6
22.Qa5 Rg8 23.Qc5 Be4 24.f3 Bb1 25.Qc8+ Rd8 26.Qxb7 Bxa2  1-0

[Event "IV Regina Helena Marques Prol"]
[Site "Santos BRA"]
[Date "2006.05.04"]
[Round "8"]
[White "Choma,E"]
[Black "Santos,MVM"]
[Result "0-1"]
[WhiteElo "2275"]
[BlackElo "2369"]

1.Nf3 d5 2.c4 e6 3.g3 c5 4.Bg2 Nc6 5.cxd5 exd5 6.d4 Nf6 7.Nc3 Be7 8.O-O O-O
9.Bg5 cxd4 10.Nxd4 h6 11.Be3 Bg4 12.a3 Qd7 13.Qb3 Bh3 14.Nxd5 Bxg2  0-1

[Event "1st Open"]
[Site "d'Angers FRA"]
[Date "2006.05.07"]
[Round "4"]
[White "Loiret,S"]
[Black "Krauss,M"]
[Result "1-0"]
[WhiteElo "2231"]
[BlackElo "2083"]

1.Nf3 d5 2.c4 Nf6 3.cxd5 Nxd5 4.d4 Bf5 5.Nbd2 Nf6 6.Qb3 Qc8 7.Ne5 Be6 8.Qc2 Nbd7
9.e4 Nxe5 10.dxe5 Nd7 11.f4 g6 12.Bd3 Bg7 13.O-O b6 14.f5 gxf5 15.exf5 Bd5
16.e6 Ne5 17.exf7+ Bxf7 18.Be4 c6 19.Nf3 Nxf3+ 20.Rxf3 Bd5 21.Bg5 Rf8 22.Rd1 Qd7
23.Qe2 Bf6 24.Bxd5 cxd5 25.Bh6 Rg8 26.Rf2 d4 27.Qh5+ Kd8 28.Qf7 Kc7 29.Qh5 Qd5
30.Bf4+ Kb7 31.Bg3 Rac8 32.Qf3 Qxf3 33.Rxf3 Rc2 34.Rf2 Rgc8 35.Rdd2 Rxd2
36.Rxd2 Rc5 37.Kf2 Rxf5+ 38.Ke2 Ra5 39.b3 Kc6 40.Bf2 e5 41.g4 Rc5 42.Kd1 Kd5
43.h4 Rc3 44.g5 Bg7 45.Be1 e4 46.Rf2 Rd3+ 47.Ke2 Re3+ 48.Kd1 Rf3 49.Rc2 Be5
50.Rc8 Rf7 51.Rd8+ Ke6 52.h5 d3 53.a4 Bf4 54.g6 hxg6 55.hxg6 Rc7 56.Bd2 Be5
57.Re8+ Kf5 58.Bh6 Bg7 59.Bd2 Rc6 60.Re7 Rxg6 61.Rf7+ Ke6 62.Rc7 Rg1+ 63.Be1 e3  1-0

[Event "Geller Mem"]
[Site "Moscow RUS"]
[Date "2006.05.07"]
[Round "5"]
[White "Sambuev,B"]
[Black "Granovski,A"]
[Result "1/2-1/2"]
[WhiteElo "2489"]
[BlackElo "2372"]

1.Nf3 d5 2.c4 e6 3.d4 Nf6 4.Nc3 Be7 5.Bg5 O-O 6.e3 Nbd7 7.Bd3 dxc4 8.Bxc4 a6
9.a4 c5 10.O-O cxd4 11.exd4 Nb6 12.Bb3 Nbd5 13.Re1 Re8 14.Ne5 Bd7 15.a5 Bc6
16.Nxc6 bxc6 17.Ba4 Qd6 18.Bh4 Rec8 19.Na2 Qd8 20.Qd2 Nh5 21.Bxe7 Qxe7 22.Rac1 c5
23.dxc5 Rxc5 24.Rxc5 Qxc5 25.b4 Qa7 26.Rc1 Nhf6 27.g3 h5 28.Rc4 Rb8 29.Nc1 Qe7
30.Nd3 Rd8 31.Qe2 Qd6 32.Qe5 Qe7 33.Bc2 g6 34.h3 Nd7 35.Qe1 Rb8 36.Bd1 Qd6
37.Bf3 e5 38.Nc5 Rxb4 39.Bxd5 Rxc4 40.Nxd7 Rd4 41.Nb6 Rxd5 42.Nxd5 Qxd5 43.Qb4 Kg7
44.h4 e4 45.Qb2+ Kh7 46.Qb6 Qd3 47.Kg2 Kg7 48.Qb2+ Kg8 49.Qb8+ Kh7 50.Qb6 Qf3+
51.Kh2 Kg7 52.Qb2+ Qf6 53.Qb6 Qe6 54.Qd4+ Kf8 55.Qd8+ Kg7 56.Qd4+ f6 57.Qa7+ Kf8
58.Qb8+ Kg7 59.Qa7+ Kh6 60.Qe3+ g5 61.hxg5+ fxg5 62.Qb6 Qg6  1/2-1/2

[Event "1st Open"]
[Site "d'Angers FRA"]
[Date "2006.05.08"]
[Round "6"]
[White "Lesbros,B"]
[Black "Legout,V"]
[Result "1-0"]
[WhiteElo "2043"]
[BlackElo "1917"]

1.Nf3 d5 2.c4 c6 3.d4 Nf6 4.Qc2 e6 5.g3 Nbd7 6.Bg2 Be7 7.O-O O-O 8.Nbd2 c5
9.b3 b6 10.e4 dxe4 11.Nxe4 Bb7 12.Nxf6+ Bxf6 13.Ng5 Bxg5 14.Bxb7 Rb8 15.Bxg5 Qxg5
16.Bc6 Rfd8 17.Bxd7 Rxd7 18.dxc5 Qxc5 19.Rad1 Rbd8 20.Rxd7 Rxd7 21.Rd1 Rxd1+
22.Qxd1 Qc7 23.Qf3 g6 24.Qa8+ Kg7 25.Qe4 Qd6 26.Qc2 Qa3 27.Kg2 f5 28.h4 Kf7
29.Qd2 Kg7 30.h5 Qe7 31.h6+ Kg8 32.Qd4 g5 33.Qe5 g4 34.b4 Qb7+ 35.Kh2 Qd7
36.c5 Kf7 37.Qg7+ Ke8 38.Qg8+ Ke7 39.Qxh7+ Ke8 40.Qxd7+  1-0

[Event "Open"]
[Site "Salsomaggiore ITA"]
[Date "2006.05.12"]
[Round "1"]
[White "Weiland,G"]
[Black "Salvador,R"]
[Result "0-1"]
[WhiteElo "1982"]
[BlackElo "2396"]

1.Nf3 d5 2.c4 d4 3.b4 c5 4.bxc5 Nc6 5.d3 e5 6.g3 f5 7.Bg2 Bxc5 8.O-O Nf6
9.Ba3 Bxa3 10.Nxa3 Qe7 11.Nc2 O-O 12.Rb1 h6 13.Qc1 Rd8 14.Qa3 Qe8 15.e3 dxe3
16.fxe3 Qh5 17.d4 e4 18.Nfe1 Ng4 19.h3 Nf6 20.Qc3 Qg5 21.d5 Ne7 22.Nd4 Nh5
23.Ne2 Nxg3 24.Nxg3 Qxg3 25.Nc2 f4 26.Rxf4 Bxh3 27.Qd2 Ng6 28.Qf2 Qxg2+ 29.Qxg2 Bxg2  0-1

[Event "Open"]
[Site "Salsomaggiore ITA"]
[Date "2006.05.12"]
[Round "2"]
[White "Tizzoni,L"]
[Black "Peric,Sl"]
[Result "0-1"]
[WhiteElo "2050"]
[BlackElo "2288"]

1.Nf3 d5 2.c4 c6 3.d4 Nf6 4.g3 Bg4 5.Bg2 e6 6.O-O Nbd7 7.Nc3 Be7 8.cxd5 exd5
9.Bf4 O-O 10.Ne5 Nxe5 11.Bxe5 Qb6 12.Qd2 Nd7 13.Bf4 Rfe8 14.f3 Bh5 15.Be3 f5
16.Bf2 Nf6 17.Kh1 Bg6 18.a3 Bd6 19.b4 a5 20.Na4 Qa6 21.Rfe1 axb4 22.axb4 Qb5
23.Nc5 Rxa1 24.Rxa1  0-1

[Event "1st Open"]
[Site "Sofia BUL"]
[Date "2006.05.13"]
[Round "4"]
[White "Ivanov,Jo"]
[Black "Chilingirova,P"]
[Result "1-0"]
[WhiteElo "2364"]
[BlackElo "2203"]

1.Nf3 d5 2.c4 c6 3.e3 Nf6 4.Nc3 g6 5.d4 Bg7 6.Bd3 O-O 7.O-O Bf5 8.Bxf5 gxf5
9.cxd5 Nxd5 10.Qb3 Nb6 11.Qc2 e6 12.e4 fxe4 13.Nxe4 N8d7 14.Bf4 Nf6 15.Nxf6+ Qxf6
16.Be5 Qg6 17.Qb3 Rfd8 18.a4 Rd7 19.a5 Nd5 20.a6 b6 21.Rac1 Rc8 22.Rfd1 f6
23.Bg3 Bh6 24.Ra1 Rg7 25.Re1 f5 26.Ne5 Qf6 27.f3 Be3+ 28.Rxe3 f4 29.Bxf4 Nxf4
30.g3 h5 31.Re4 Nd5 32.Rae1 c5 33.dxc5 Rxc5 34.Nd3 Rc6 35.Rxe6 Qd4+ 36.Kh1 Qc4
37.Qxc4 Rxc4 38.Re8+ Kh7 39.R1e5 Nc7 40.Rxh5+ Kg6 41.Ne5+ Kxh5 42.Nxc4 Nxa6
43.Kg2 Rc7 44.Ne3  1-0

[Event "37th Olympiad w"]
[Site "Turin ITA"]
[Date "2006.05.23"]
[Round "3"]
[White "Gomes,M"]
[Black "Macek,V"]
[Result "1-0"]
[WhiteElo "2239"]
[BlackElo "2243"]

1.Nf3 d5 2.c4 c6 3.g3 Nf6 4.Bg2 dxc4 5.O-O b5 6.a4 Bb7 7.b3 cxb3 8.Qxb3 a6
9.Ne5 e6 10.axb5 axb5 11.Rxa8 Bxa8 12.Bb2 Bd6 13.Rc1 Nd5 14.e4 Ne7 15.Nf3 Kf8
16.e5 Bc7 17.Qa3 Bb7 18.Nd4 g6 19.Nxb5 cxb5 20.Bxb7 Kg7 21.Qc5 Bb6 22.Qxb5 Bd4
23.Ba3 Nd5 24.Bd6 Qb6 25.Qxb6 Nxb6 26.Kg2 g5 27.f4 h6 28.Na3 N6d7 29.Nb5 Bb6
30.d4 Kg6 31.Be4+ Kg7 32.f5 exf5 33.Bxf5 Rd8 34.d5 Nf8 35.e6 fxe6 36.dxe6 Re8
37.Bxb8 Nxe6 38.Be5+ Kg8 39.Nd6  1-0

[Event "9th L.Kaplun Mem"]
[Site "Ternopil UKR"]
[Date "2006.05.24"]
[Round "1"]
[White "Stopkin,V"]
[Black "Privalov,Y"]
[Result "1/2-1/2"]
[WhiteElo "2310"]
[BlackElo "2271"]

1.Nf3 d5 2.c4 c6 3.cxd5 cxd5 4.d4 Nc6 5.Nc3 Nf6 6.Bf4 Bf5 7.e3 e6 8.Bd3 Bxd3
9.Qxd3 Bd6 10.Bxd6 Qxd6 11.O-O O-O 12.Rfc1 Rfc8 13.Ne2 Ne7 14.Qb3 Qb6 15.Qxb6 axb6
16.Rxc8+ Rxc8 17.Rc1 Rxc1+ 18.Nxc1 Ne4 19.Nd3 Nc6 20.Kf1  1/2-1/2

[Event "9th L.Kaplun Mem"]
[Site "Ternopil UKR"]
[Date "2006.05.24"]
[Round "2"]
[White "Kalinin,O"]
[Black "Udovik,A"]
[Result "1/2-1/2"]
[WhiteElo "2372"]
[BlackElo "2094"]

1.Nf3 d5 2.c4 dxc4 3.e3 c5 4.Bxc4 Nc6 5.d4 e6 6.O-O Nf6 7.Nc3 a6 8.a3 b5
9.Bd3 Bb7 10.dxc5 Bxc5 11.b4 Be7 12.Bb2 O-O 13.Qe2 Qb6 14.e4 Rfd8 15.Rad1 g6
16.e5 Nd5 17.Be4 Nxc3 18.Bxc3 Rxd1 19.Rxd1 Rd8 20.Rc1 Qa7 21.Bb2 Qa8 22.Qe3 Na7
23.Bxb7 Qxb7 24.h3 Rc8 25.Bd4  1/2-1/2

[Event "Open"]
[Site "Chicago USA"]
[Date "2006.05.25"]
[Round "1"]
[White "Izoria,Z"]
[Black "Bennett,D"]
[Result "1-0"]
[WhiteElo "2647"]
[BlackElo "2093"]

1.Nf3 d5 2.c4 d4 3.g3 Nc6 4.Bg2 e5 5.O-O Nf6 6.d3 a5 7.e3 Be7 8.exd4 exd4
9.Na3 Nd7 10.Nb5 Nc5 11.Re1 O-O 12.Bf4 Ne6 13.Rxe6 fxe6 14.Bxc7 Qd7 15.Ne5 Nxe5
16.Bxe5 Bf6 17.Qe2 Rd8 18.Re1 Qe7 19.Bc7 Re8 20.Bd6 Qd7 21.Nc7 Rd8 22.c5 Ra7
23.Nxe6 Re8 24.Bd5 Kh8 25.Qh5 g6 26.Qf3 Bg7 27.Re4 h6 28.Nxg7 Kxg7 29.Rxe8 Qxe8
30.Be5+ Kh7 31.Qf6 b6 32.cxb6 Re7 33.Bg8+ Kxg8 34.Qh8+ Kf7 35.Qg7+  1-0

[Event "37th Olympiad w"]
[Site "Turin ITA"]
[Date "2006.05.29"]
[Round "8"]
[White "Navabi,S"]
[Black "Cua,Sheri"]
[Result "1-0"]
[WhiteElo "2082"]
[BlackElo "1954"]

1.Nf3 d5 2.c4 c6 3.b3 Nf6 4.Bb2 Bf5 5.g3 e6 6.Bg2 Be7 7.O-O h6 8.d3 O-O 9.Nbd2 Nbd7
10.Re1 Bh7 11.Qc2 a5 12.a3 Qb6 13.Qc3 Rfd8 14.Rad1 Rac8 15.e4 dxe4 16.Nxe4 Bxe4
17.dxe4 Nc5 18.Nd4 Rd7 19.Qf3 Rcd8 20.e5 Ne8 21.Bh3 Nc7 22.Bg4 Bf8 23.Qe3 g6
24.Be2 N5a6 25.Nf5 Qxe3 26.Nxe3 Rxd1 27.Rxd1 Rxd1+ 28.Bxd1 Nc5 29.Bc3 Nd7
30.Bxa5 Na6 31.Bc3 Bxa3 32.Nc2 Be7 33.b4 Nc7 34.Be2 Kf8 35.Kg2 Ke8 36.Kf3 Nb6
37.Ke4 Kd7 38.Bd2 Bf8 39.g4 Nc8 40.f4 Ne7 41.Ne3 Bg7 42.f5 exf5+ 43.gxf5 gxf5+
44.Nxf5 Nxf5 45.Kxf5 Ne6 46.Bh5 Ke7 47.Be3 Bf8 48.h4 Bg7 49.Bg4 Kd7 50.Bf3 Ke7
51.b5 Kd7 52.Bg2 Nd8 53.Bb6 Ne6 54.Bf3 Bh8 55.Bh5 Ke7 56.Be3 Bg7 57.Bf3 Kd7
58.Bf2 Bh8 59.Be3 Bg7 60.Be4 Bh8 61.bxc6+ bxc6 62.Bxh6 Nc5 63.Be3 Ne6 64.Bf3 Nf8
65.Bh5 Ke8 66.Bg5 Bg7 67.Bf3 Kd7 68.h5 Ne6 69.h6 Bf8 70.Be3 c5 71.Kf6  1-0

[Event "81st ch-ARG"]
[Site "San Luis ARG"]
[Date "2006.05.30"]
[Round "5"]
[White "Mahia,G"]
[Black "Amura,C"]
[Result "1-0"]
[WhiteElo "2427"]
[BlackElo "2368"]

1.Nf3 d5 2.c4 d4 3.e3 Nc6 4.exd4 Nxd4 5.Nxd4 Qxd4 6.Nc3 c6 7.d3 g6 8.Be3 Qd8
9.Be2 h5 10.d4 Bg7 11.h3 h4 12.d5 cxd5 13.cxd5 Nh6 14.Bd4 Nf5 15.Bxg7 Nxg7
16.Qd4 O-O 17.Qxh4 Qb6 18.O-O-O a5 19.Qd4 Qxd4 20.Rxd4 b6 21.g4 Rd8 22.Rhd1 Ne8
23.b3 Bb7 24.Na4 Rd6 25.Kb2 Nc7 26.Bf3 Rad8 27.Nc3 Kg7 28.h4 e6 29.g5 Ba8
30.Rc4 Nxd5 31.Rcd4 R6d7 32.Bxd5 Bxd5 33.Ne4 Rc7 34.Nf6 Rc5 35.R1d2 Kf8 36.Ne4 Rc7
37.Nf6 Rc5 38.Re2 Ke7 39.a3 Rb5 40.Re3 Bxb3 41.Rxd8 Kxd8 42.Rxb3 Rf5 43.Rxb6 Rxf2+
44.Kb3 Rf3+ 45.Ka4 Rf4+ 46.Kxa5 Rxh4 47.Rc6 e5 48.a4 Rf4 49.Kb5 Rf5 50.Ne4 Rf4
51.Rc4  1-0

[Event "37th Olympiad w"]
[Site "Turin ITA"]
[Date "2006.05.31"]
[Round "10"]
[White "Goletiani,R"]
[Black "Leconte,M"]
[Result "1-0"]
[WhiteElo "2371"]
[BlackElo "2345"]

1.Nf3 d5 2.c4 d4 3.g3 Nc6 4.Bg2 e5 5.d3 Nf6 6.O-O Be7 7.b4 Nd7 8.b5 Ncb8
9.e3 O-O 10.Bb2 c5 11.bxc6 Nxc6 12.exd4 Qb6 13.Qe2 exd4 14.Na3 Bf6 15.Nb5 Nc5
16.Nfxd4 Ne5 17.Nb3 Bg4 18.Qe3 Ncxd3 19.Bd4 Qd8 20.f4 Nc6 21.Bxf6 gxf6 22.N5d4 Nxd4
23.Nxd4 Nc5 24.f5 Re8 25.Qf4 h5 26.Bd5 Qa5 27.Qh6 Qc7 28.Qg6+ Kf8 29.Qxf6 Re3
30.Rae1 Rxg3+ 31.hxg3 Qxg3+ 32.Bg2 Kg8 33.Qg5+ Kh7 34.Re7 Rf8 35.f6  1-0

[Event "White Nights Open"]
[Site "St Petersburg RUS"]
[Date "2006.06.01"]
[Round "9"]
[White "Smirnov,Sergei"]
[Black "Vunder,A"]
[Result "1/2-1/2"]
[WhiteElo "2283"]
[BlackElo "2293"]

1.Nf3 d5 2.c4 e6 3.g3 Nf6 4.Bg2 c5 5.O-O Be7 6.d4 O-O 7.dxc5 Bxc5 8.Qc2 Bb6
9.Nc3 Nc6 10.Bg5 h6 11.Bxf6 Qxf6 12.cxd5 Nb4 13.Qb3 Nxd5 14.Na4 Bd7 15.e4 Bxa4
16.Qxa4 Nc7 17.e5 Qe7 18.Qe4 Nd5 19.Rad1 Rfd8 20.Nd2 Rac8 21.Nc4 Bc5 22.Qg4 b5
23.Nd2 Ne3 24.fxe3 Bxe3+ 25.Kh1 Bxd2 26.Qe2 Qb4 27.b3 Bc3 28.Qf3 Rf8 29.Rd7 f5
30.exf6 Bxf6 31.Rxa7 Qd2 32.Qe4 Rc1 33.Qxe6+ Kh8 34.Rd7 Rxf1+ 35.Bxf1 Qc1
36.Kg2 Qc2+ 37.Kh3 Qg6 38.Bd3 Qh5+ 39.Kg2 Be5 40.Qd5 Qe8 41.Qe4 g6 42.Qb7 Qa8
43.Bxb5 Qxa2+ 44.Kh3 Qxb3 45.Qc6 Qf3 46.Qxg6 Qf5+ 47.Qxf5 Rxf5 48.Bd3 Rf6
49.Kg4 Rd6 50.Rh7+ Kg8 51.Bf5 Bg7 52.h4 Rf6 53.Be4 Re6 54.Bd5 Kxh7 55.Bxe6 Be5  1/2-1/2